000 00809nam a2200277 i 4500
003 DO-SdBNP
005 20240718135812.0
007 ta
008 240704b2013 dr a|||| |||| 00| 0 spa d
040 _aDO-SdBNP
_bspa
_cBNPHU
_erda
082 4 _222
_a615.103
_bD545
100 _926590
245 1 0 _aDiccionario de especialidades farmacéuticas :
_bAmérica Central, Panamá y República Dominicana
250 _a43 edición
264 _aCaracas, Venezuela :
_bThomson PLM,
_c2013.
300 _a1514 páginas ;
_c28 cm
336 _2rdacontent
_atexto
_btxt
337 _2rdamedia
_asin mediación
_bn
338 _2rdacarrier
_avolumen
_bnc
590 _aInventariado, 2024/DG
650 4 _aFarmacología
_965
_xDiccionarios
650 _978146
700 _985960
910 _aDG
942 _2ddc
_cLBS1
999 _c57313
_d57313